| 000 | 00481pab a2200169 454500 | ||
|---|---|---|---|
| 008 | 180718b2007 xxu||||| |||| 00| 0 eng d | ||
| 100 | _aIslam, Maidul | ||
| 245 | _aThe plight of Indian Muslims: some missing links in Sachar Committee Report and a possible alternative model of affirmative action | ||
| 260 | _c2007 | ||
| 300 | _ap.244-59. | ||
| 362 | _aJul-Sep | ||
| 650 | _aMuslims - India | ||
| 650 | _aMuslims | ||
| 773 | _aSocial Action | ||
| 908 | _aN | ||
| 909 | _a75226 | ||
| 999 |
_c75226 _d75226 |
||